| 000 | 00516nam a2200193Ia 4500 | ||
|---|---|---|---|
| 003 | OSt | ||
| 005 | 20251119163504.0 | ||
| 008 | 210210b1948 xxu||||| |||| 00| 0 eng d | ||
| 040 | _cAL | ||
| 041 | _aKannada | ||
| 082 | _a851/272 | ||
| 100 |
_aPUTTAPPA (KV) _988879 _d ಪುಟ್ಟಪ್ಪ (ಕೆವಿ) |
||
| 245 |
_aKalasundari _bಕಲಾಸುಂದರಿ |
||
| 260 |
_aMaisuru _bKavyalaya _c1948 |
||
| 650 |
_aKuvempu _9246420 |
||
| 690 |
_aKannada Poetry _988880 |
||
| 906 | _a018290 | ||
| 942 |
_2ddc _cBK |
||
| 999 |
_c141414 _d141414 |
||